|
|
|
|
| LEADER |
00000nam0a2200000 4500 |
| 001 |
324428 |
| 005 |
20231102003652.0 |
| 035 |
|
|
|a (RuTPU)RU\TPU\book\350026
|
| 090 |
|
|
|a 324428
|
| 100 |
|
|
|a 20161116d1970 km y0rusy50 ca
|
| 101 |
0 |
|
|a rus
|
| 102 |
|
|
|a RU
|
| 105 |
|
|
|a a z 001zy
|
| 200 |
1 |
|
|a Обеззараживание объектов, подвергшихся воздействию оружия массового поражения
|f А. С. Зубкин
|g под ред. А. К. Судакова
|
| 205 |
|
|
|a 2-е изд., перераб. и доп.
|
| 210 |
|
|
|a Москва
|c Атомиздат
|d 1970
|
| 215 |
|
|
|a 125 с.
|c ил.
|
| 320 |
|
|
|a Библиогр.: с. 123-124
|
| 520 |
1 |
|
|a Обеззараживание территории, сооружений и транспорта, подвергшихся воздействию оружия массового поражения
|
| 606 |
1 |
|
|a Защита от средств массового поражения
|2 stltpush
|3 (RuTPU)RU\TPU\subj\11421
|9 38361
|
| 610 |
1 |
|
|a радиоактивное заражение
|
| 610 |
1 |
|
|a дезактивация
|
| 610 |
1 |
|
|a отравляющие вещества
|
| 610 |
1 |
|
|a дегазация
|
| 610 |
1 |
|
|a биологические средства
|
| 610 |
1 |
|
|a дезинфекция
|
| 610 |
1 |
|
|a обеззараживание
|
| 610 |
1 |
|
|a санитарная обработка
|
| 610 |
1 |
|
|a меры безопасности
|
| 686 |
|
|
|a Ц69.6(2)-5
|v LBC/SL-A
|2 rubbk
|
| 700 |
|
1 |
|a Зубкин
|b А. С.
|g Александр Степанович
|
| 702 |
|
1 |
|a Судаков
|b А. К.
|4 340
|
| 801 |
|
1 |
|a RU
|b 63413507
|c 20161116
|
| 801 |
|
2 |
|a RU
|b 63413507
|c 20161117
|g RCR
|
| 942 |
|
|
|c BK
|